[Event "Skopje op-B"]
[Site "Skopje"]
[Date "2023.12.10"]
[Round "7"]
[White "Janevski, Boris"]
[Black "Jashari, Lirim"]
[Result "0-1"]
[WhiteElo "1637"]
[BlackElo "1282"]
[PlyCount "100"]
[EventDate "2023.12.06"]
[EventType "swiss"]
[EventRounds "9"]
[EventCountry "MKD"]
[SourceTitle "CB51_2023"]
[SourceDate "2023.12.20"]
[SourceVersion "1"]
[SourceVersionDate "2023.12.20"]
[SourceQuality "1"]

1. e4 d5 2. exd5 Qxd5 3. Nf3 Bg4 4. Be2 Nc6 5. 0-0 e6 6. d4 0-0-0 7. Be3 a6 8. h3 Bh5 9. a3 Nf6 10. c4 Qd7 11. Nc3 Bxf3 12. Bxf3 Nxd4 13. Bxd4 Qxd4 14. Qb3 Qb6 15. Qc2 Bd6 16. b4 Qd4 17. c5 Be5 18. Ne2 Qd2 19. Ra2 Qxc2 20. Rxc2 c6 21. Nc1 Rd4 22. Re1 Bc7 23. Re3 Rhd8 24. g3 Rd2 25. Rxd2 Rxd2 26. Rd3 Rc2 27. Ne2 e5 28. Nc3 a5 29. g4 h6 30. b5 cxb5 31. c6 bxc6 32. Bxc6 b4 33. axb4 axb4 34. Nd5 Rxc6 35. Ne7+ Kb7 36. Nxc6 Kxc6 37. Kf1 Kc5 38. Ke2 Kc4 39. Rd1 Nd5 40. Kd2 Bb6 41. Kc2 Bxf2 42. Rh1 b3+ 43. Kb2 Bd4+ 44. Ka3 b2 45. g5 hxg5 46. h4 gxh4 47. Ka2 g5 48. Rh3 f5 49. Rb3 b1Q+ 50. Rxb1 Nc3+ 0-1

[Event "Skopje op-B"]
[Site "Skopje"]
[Date "2023.12.09"]
[Round "5"]
[White "Janevski, Boris"]
[Black "Jusufi, Ahmet"]
[Result "0-1"]
[WhiteElo "1637"]
[BlackElo "1847"]
[PlyCount "104"]
[EventDate "2023.12.06"]
[EventType "swiss"]
[EventRounds "9"]
[EventCountry "MKD"]
[SourceTitle "CB51_2023"]
[SourceDate "2023.12.20"]
[SourceVersion "1"]
[SourceVersionDate "2023.12.20"]
[SourceQuality "1"]

1. e4 c5 2. Nf3 d6 3. d4 cxd4 4. Nxd4 Nf6 5. Nc3 g6 6. Be2 Bg7 7. 0-0 0-0 8. Be3 Bd7 9. Qd2 Nc6 10. Nxc6 Bxc6 11. f3 a6 12. a4 Rc8 13. a5 Nd7 14. Bd4 Nc5 15. Bxg7 Kxg7 16. Nd5 Bxd5 17. exd5 Qc7 18. c4 Kg8 19. Ra3 Nd7 20. f4 f5 21. b4 Nf6 22. Qd4 Rfe8 23. Re3 Rb8 24. Rd1 b6 25. axb6 Qxb6 26. Qxb6 Rxb6 27. b5 Ne4 28. g4 axb5 29. cxb5 Rc8 30. Rxe4 fxe4 31. Rd4 e3 32. Kg2 Kf7 33. Kf3 Rc3 34. h4 h6 35. g5 hxg5 36. hxg5 Rb3 37. Re4 R6xb5 38. Bxb5 Rxb5 39. Rd4 Rb3 40. Ke2 e6 41. dxe6+ Kxe6 42. Kf3 Rc3 43. Ke2 d5 44. Kf3 Rc4 45. Kxe3 Rxd4 46. Kxd4 Kf5 47. Kxd5 Kxf4 48. Kd4 Kxg5 49. Ke3 Kh4 50. Kf3 g5 51. Kf2 g4 52. Kg1 Kg3 0-1